| 000 | 00000nam 2200000zi 4500 |
| 001 | 9.943474 |
| 003 | CaOODSP |
| 005 | 20241114082923 |
| 006 | m o d f |
| 007 | cr cn||||||||| |
| 008 | 240920t20242024oncad ob f000 0 fre d |
| 020 | |a9780660737546 |
| 040 | |aCaOODSP|bfre|erda|cCaOODSP |
| 043 | |an-cn--- |
| 086 | 1 |aFA1-26/2024-1-7F-PDF |
| 110 | 1 |aCanada. |bCommissaire à l'environnement et au développement durable, |eauteur, |eorganisme de publication. |
| 245 | 10|aLoi canadienne sur la responsabilité en matière de carboneutralité - rapport 2024 : |brapport de l'auditeur indépendant. |
| 264 | 1|a[Ottawa] : |bBureau du vérificateur général du Canada = Office of the Auditor General of Canada, |c2024. |
| 264 | 4|c©2024 |
| 300 | |a1 ressource en ligne (vi, 47 pages) : |billustrations, graphiques. |
| 336 | |atexte|btxt|2rdacontent/fre |
| 337 | |ainformatique|bc|2rdamedia/fre |
| 338 | |aressource en ligne|bcr|2rdacarrier/fre |
| 490 | 1 |aRapports du commissaire à l'environnement et au développement durable au Parlement du Canada, |x2561-1828 ; |vrapport 7 |
| 500 | |aTitre de la couverture. |
| 500 | |aPublié aussi en anglais sous le titre : Canadian Net-Zero Emissions Accountability Act - 2024 report : independent auditor's report. |
| 504 | |aComprend des références bibliographiques. |
| 520 | |a« Le gouvernement du Canada s’est engagé à réduire les émissions de gaz à effet de serre de 40 % à 45 % sous les niveaux de 2005 d’ici 2030 et à atteindre la carboneutralité d’ici 2050. En 2022, les émissions totales de gaz à effet de serre du Canada se chiffraient à 708 mégatonnes d’équivalent en dioxyde de carbone (Mt éq. CO2), sans compter la contribution comptable du secteur de l’affectation des terres, du changement d’affectation des terres et de la foresterie. Il s’agit d’une diminution de 7,1 % (54 Mt éq. CO2) par rapport à 2005 mais d’une augmentation nette de 16 % par rapport à 1990 (voir la pièce 7.1). Pour atteindre la cible de 2030, la plus grande part des réductions d’émissions devra survenir au cours des six prochaines années. Le Canada reste le membre le moins performant des pays du Groupe des Sept depuis 1990 et 2005 (voir la pièce 7.2) » -- Introduction, page 1. |
| 650 | 6|aGaz à effet de serre|xRéduction|xPolitique gouvernementale|zCanada|xAudit. |
| 650 | 6|aClimat|xChangements|xPolitique gouvernementale|zCanada. |
| 775 | 08|tCanadian Net-Zero Emissions Accountability Act - 2024 report : |w(CaOODSP)9.943473 |
| 830 | #0|aRapports de la commissaire à l'environnement et au développement durable au Parlement du Canada,|x2561-1828 ; |vrapport 7.|w(CaOODSP)9.842752 |
| 856 | 40|qPDF|s1.64 Mo|uhttps://publications.gc.ca/collections/collection_2024/bvg-oag/FA1-26-2024-1-7-fra.pdf |
| 856 | 4 |qHTML|sS.O.|uhttps://www.oag-bvg.gc.ca/internet/Francais/parl_cesd_202411_07_f_44576.html |